00829 2200325 4500001002100000005001500021035002000036007000300056008004100059020002200100082001000122084001600132100002000148245007500168260004400243300002900287650002500316700001900341520003000360990001200390990001200402990001100414990001200425990001100437990001100448990001100459990001100470990001100481990001100492INLIS00000000000206820180716092821 a0010-0718000020ta180716 g 0 ind  a978-602-02-4904-9 a153.8 a153.8 JUN b0 aJUNI, Soekendar1 aBerdamai dengan Diri Sendiri /cJuni Soekendar; editor, N. Luky Andari aJakarta :bElex Media Komputindo,c2014 axxii, 144 hlm. ;c21 cm. aMOTIVASI (PSIKOLOGI)0 aLUKY, Andari N abibliografi: hlm. 143-144 a16528 a a16528 b a1652 b a16528 a a16528a a1652 b a16528a a1652 b a1652 b a16528a